• 首页
  • 本馆介绍
  • 公告通知
  • 最新文献
  • 馆藏检索
  • 电子资源
  • 读者导购
  • 参考咨询
  • 我的图书馆
  • 登录
  • 详细信息显示
  • 放入我的书架
  • 预约/预借图书
  • 作者相关作品
  • 分类相关作品
  • 丛书相关作品
  • 出版社相关作品

书目信息

  • 表格格式
  • 工作单格式
  • 卡片格式
题名:
荀子 墨子 韩非子
    
 
作者: ;国学经典文库编委会 编
分册:  
出版信息: 成都   四川美术出版社  2019
页数: 309页
开本: 23cm
丛书名: 国学经典文库
单 册:
中图分类: B224.4 , B222.64
科图分类:
主题词: 墨家--mo jia , 法家--fa jia , 儒家--ru jia
电子资源:
ISBN: 978-7-5410-7782-1
000 01012oam2 2200325 450
001 2151078054
005 20211018173724.0
010    @a978-7-5410-7782-1@dCNY39.80
100    @a20201223d2019 em y0chiy0120 ea
101 0  @achi
102    @aCN@b510000
105    @aa z 000yy
106    @ar
200 1  @a荀子 墨子 韩非子@Axun zi mo zi han fei zi@f国学经典文库编委会编
210    @a成都@c四川美术出版社@d2019
215    @a309页@c图@d23cm
225 2  @a国学经典文库@Aguo xue jing dian wen ku
330    @a本书对《荀子》、《墨子》和《韩非子》三部著作进行了介绍。
461  0 @12001 @a国学经典文库
605    @a《墨子》@Amo zi@x译文
605    @a《韩非子》@Ahan fei zi@x译文
605    @a《荀子》@Axun zi@x译文
606 0  @a墨家@Amo jia
606 0  @a法家@Afa jia
606 0  @a儒家@Aru jia
690    @aB224.4@v5
690    @aB222.64@v5
711 02 @a国学经典文库编委会@Aguo xue jing dian wen ku bian wei hui@4编
801  0 @aCN@b百万庄@c20211016
905    @b1309012-15@dB224.4@e1004@f4
    
    荀子 墨子 韩非子/国学经典文库编委会编.-成都:四川美术出版社,2019
    309页:图;23cm.-(国学经典文库)
    
    
    ISBN 978-7-5410-7782-1:CNY39.80
    本书对《荀子》、《墨子》和《韩非子》三部著作进行了介绍。
●
相关链接 在E读中查询图书 在五车中查询图书 在当当中查询图书 在豆瓣中查询图书


正题名:荀子 墨子 韩非子     索取号:B224.4/1004         预约/预借

序号 登录号 条形码 馆藏地/架位号 状态 备注
1 1309012   213090126   第一样本阅览室/ [索取号:B224.4/1004] 在馆    
2 1309013   213090135   第一借阅区/ [索取号:B224.4/1004] 在馆    
3 1309014   213090144   第一借阅区/ [索取号:B224.4/1004] 在馆    
4 1309015   213090153   第一借阅区/ [索取号:B224.4/1004] 在馆    
唐山师范学院图书馆 欢迎您!
大连网信软件有限公司© 版权所有